00512cam a2200157 4500001001100000008004100011035001500052050002100067100003000088245009800118260003600216300002600252500001500278504002300293650003800316BFIL006573 1946 spa  aBFIL006573 4aPC4197bG37 19461 aGarcía Elorrio, Aurelio 0aDiccionarios de la conjugación : los 12.500 verbos castellanos /cAurelio García Elorrio. aBuenos Aires :bKapelusz,c1946 axix, 347 p. ;c21 cm. a1 ejemplar aIncluye apéndice 4aEspañolxVerbosxTablas, listas